| 000 | 01033nam a22001937a 4500 | ||
|---|---|---|---|
| 003 | OSt | ||
| 005 | 20251217083148.0 | ||
| 008 | 251207b |||||||| |||| 00| 0 eng d | ||
| 040 | _cDCL | ||
| 082 | _a၂၉၄.၃၈၂၄၁ | ||
| 100 | 0 |
_aဇနကာဘိဝံသ၊ _cအရှင်။ |
|
| 245 | 1 | 0 |
_aအဋ္ဌသာလိနီဘာသာဋီကာ၊ _nစတုတ္ထအုပ် / _cအရှင်ဇနကာဘိဝံသ။ |
| 250 | _aစတုတ္ထအကြိမ်။ | ||
| 264 |
_aအမရပူရ ၊ _bမဟာဂန္ဓာရုံစာပေ၊ _c၁၉၉၈။ |
||
| 300 |
_aဆ၊ ၆၂၂ စာမျက်နှာ ၊ _c၂၄ စင်တီ။ |
||
| 500 | _aအမှတ်(၂၇) ကျမ်းစာ။ (နောက်ပိုင်း၌ မူလဋီကာနှင့် ပါဠိတော်နိဿယလည်းပါဝင်သည်။) | ||
| 650 |
_aအဋ္ဌသာလိနီ _vဘာသာဋီကာ။ |
||
| 942 |
_2ddc _cSHORT TERM _n0 |
||
| 999 |
_c2672 _d2672 |
||